| Tag |
First Indicator |
Second Indicator |
Subfields |
| LEADER |
00000cam a22000008a 4500 |
| 001 |
in00004478021 |
| 005 |
20191202143524.0 |
| 008 |
910920s1992 enk b 001 0 eng |
| 010 |
|
|
|a 91036849
|
| 020 |
|
|
|a 0199630909 :
|c $37.50
|
| 020 |
|
|
|a 0199630917 (pbk.) :
|c £25.00 ($37.50 U.S.)
|
| 035 |
|
|
|a (OCoLC)24546449
|
| 035 |
|
|
|9 AAE8779MS
|
| 035 |
|
|
|z (UtOrBLW)16276
|
| 035 |
|
|
|a 27805
|
| 040 |
|
|
|a DLC
|c DLC
|d MUM
|d TMV
|d UtOrBLW
|
| 049 |
|
|
|a TMVM
|c 1
|
| 050 |
0 |
0 |
|a RM301.41
|b .R4 1992
|
| 082 |
0 |
0 |
|a 615/.7
|2 20
|
| 096 |
|
|
|a QV 38
|b R2945 1992
|
| 245 |
0 |
0 |
|a Receptor-ligand interactions :
|b a practical approach /
|c edited by E.C. Hulme.
|
| 264 |
|
1 |
|a Oxford ;
|a New York :
|b IRL Press at Oxford University Press,
|c [1992]
|
| 264 |
|
4 |
|c ©1992
|
| 300 |
|
|
|a xx, 458 pages :
|b illustrations ;
|c 25 cm.
|
| 336 |
|
|
|a text
|2 rdacontent
|b txt
|
| 337 |
|
|
|a unmediated
|2 rdamedia
|
| 338 |
|
|
|a volume
|2 rdacarrier
|b nc
|
| 490 |
1 |
|
|a Practical approach series
|
| 504 |
|
|
|a Includes bibliographical references and index.
|
| 505 |
0 |
|
|a Selection and synthesis of receptor-specific radioligands / Kevin G. McFarthing -- Anti-receptor antibodies as ligands / A.D. Strosberg -- Polypeptide neurotoxins as probes for certain voltage-dependent K⁺ channels / J. Oliver Dolly -- Strategy and tactics in receptor-binding studies / E.C. Hulme and N.J.M. Birdsall -- Receptor preparations for binding studies / E.C. Hulme and N.J. Buckley -- The use of the filtration technique in in vitro radioligand binding assays for membrane-bound and solubilized receptors / Jian-Xin Wang ... [et al.] -- Centrifugation binding assays / E.C. Hulme -- Charcoal adsorption for separating bound and free radioligand in radioligand binding assays / Philip G. Strange -- Gel-filtration assays for solubilized receptors / E.C. Hulme -- Receptor-binding kinetics / Heino Prinz -- Analysis and interpretation of binding at equilibrium / James W. Wells.
|
| 650 |
|
2 |
|a Radioligand Assay.
|
| 650 |
|
2 |
|a Receptors, Cell Surface
|x metabolism.
|
| 650 |
|
2 |
|a Ligands
|x metabolism.
|
| 700 |
1 |
|
|a Hulme, E. C.
|
| 830 |
|
0 |
|a Practical approach series.
|
| 999 |
|
|
|a MARS
|
| 999 |
f |
f |
|s 8298e649-8799-37a0-9933-a38b78818ef3
|i 7210911b-ec58-30c6-8e9f-9a0580208b53
|t 0
|
| 952 |
f |
f |
|p ric
|a Texas A&M University
|b Rellis Campus
|c Joint Library Facility
|d Remote Storage
|t 0
|e QV 38 R2945 1992
|h National Library of Medicine classification
|i unmediated -- volume
|m 323890129691A
|
| 998 |
f |
f |
|a QV 38 R2945 1992
|t 0
|l Remote Storage
|